| 000 | 01196cam a22001934a 4500 | ||
|---|---|---|---|
| 005 | 20250605164050.0 | ||
| 008 | 250528s ||||||||||||||||||||||||d | ||
| 035 | _a17241 | ||
| 020 | _a719537037 | ||
| 040 |
_aGR-AtMCL _bgre _dGR-AtMCL _eAACR2 |
||
| 245 | 1 | _aSuccess in Elements of Banking | |
| 260 |
_bJohn Murray Publishers Ltd, _c1983 |
||
| 300 | _a274 | ||
| 520 | _aThis book is for anyone who wants to follow a self-study course. The Business of Banking, The Development of Money, The Development of Banking in Britain, The Bank of England, The British Banking Structure, Savings and Investment, The London Money Market, A Bank's Balance Sheet, Organizational Structure of a London Clearing Bank, Bills of Exchange and Cheques, Methods of Payment Through the Banking System, Who are the Customers?, Bank Accounts, Banking Services: Personal Customers, Banking Services: Business Customers, Banking Services for the Exporter and Importer, Bank Lending, Interpreting the Accounts of Customers, The Institute of Bankers, Further Questions, Assignments, Further Reading, Answers to Questions, Index. | ||
| 700 | 1 |
_aCox David _9733 |
|
| 942 | _cBK | ||
| 999 |
_c2669 _d2669 |
||